Największe miasta na Kubie - Statystyki

Ogólne statystyki
  • Ten quiz został rozwiązany 10 razy
  • Średni wynik to 3 z 10
Statystyki odpowiedzi
Miejsce Kraj % Poprawnych
1 Hawana
100%
2 Santiago de Cuba
57%
5 Guantánamo
43%
3 Camagüey
29%
7 Cienfuegos
29%
10 Santa Clara
29%
4 Holguín
14%
8 Bayamo
0%
6 Las Tunas
0%
9 Pinar del Río
0%
Nie znaleziono quizów pasujących do podanych kryteriów
Rozkład punktacji
Procent ludzi z każdym wynikiem
Percentyl według liczby udzielonych odpowiedzi
Twoja historia wyników
Nie rozwiązałeś tego quizu